The hot jazz of Jelly Roll Morton /

Bibliographic Details
Main Author: Smith, Charles Edward, 1904-1970
Corporate Author: Radio Corporation of America. RCA Victor Division
Format: Book
Language:English
Published: Camden, N.J. : Radio Corporation of America, RCA Victor Division, [1942?]
Subjects:

MARC

Tag First Indicator Second Indicator Subfields
LEADER 00000cam a2200000Ia 4500
001 in00002652713
005 20191021084125.0
008 110222s1942 njua bk 000 0beng d
035 |a (OCoLC)ocn703236747 
035 |a (OCoLC)703236747 
040 |a TXA  |c TXA  |d UtOrBLW 
043 |a n-us--- 
049 |a TXAM 
090 |a ML410.M82  |b S64 1942 
100 1 |a Smith, Charles Edward,  |d 1904-1970. 
245 1 4 |a The hot jazz of Jelly Roll Morton /  |c by Charles Edward Smith. 
246 1 4 |a Victor hot jazz by Jelly Roll Morton 
246 3 |a Hot jazz 
264 1 |a Camden, N.J. :  |b Radio Corporation of America, RCA Victor Division,  |c [1942?] 
300 |a 7 unnumbered pages :  |b illustrations ;  |c 24 cm. 
336 |a text  |b txt  |2 rdacontent 
337 |a unmediated  |b n  |2 rdamedia 
338 |a volume  |b nc  |2 rdacarrier 
500 |a "Victor album HJ-5 (volume V)"--Cover. 
504 |a Includes bibliographical references. 
600 1 0 |a Morton, Jelly Roll,  |d 1890-1941. 
650 0 |a Jazz musicians  |z United States  |v Biography. 
600 1 0 |a Morton, Jelly Roll,  |d 1890-1941  |v Discography. 
650 0 |a Jazz  |y 1921-1930. 
710 2 |a Radio Corporation of America.  |b RCA Victor Division. 
994 |a C0  |b TXA 
948 |a cataloged  |b h  |c 2011/2/22  |d o  |e nbehmer  |f 10:48:26 am 
999 |a MARS 
999 f f |s d7882bbb-6284-3a44-9027-f539d42ab5db  |i 68654383-821f-38e7-9a72-18302461c4e7  |t 0 
952 f f |p noncirc  |a Texas A&M University  |b College Station  |c Cushing Memorial Library & Archives  |d Cushing: Area Studies/Africana (Does not check out)  |t 0  |e ML410.M82 S64 1942  |h Library of Congress classification  |i unmediated -- volume 
998 f f |a ML410.M82 S64 1942  |t 0  |l Cushing: Area Studies/Africana (Does not check out)